Introducción a la doctrina social de la iglesia
Guardat en:
| Autor principal: | |
|---|---|
| Format: | Llibre |
| Idioma: | espanyol |
| Publicat: |
Santiago
San Pablo
1993
|
| Edició: | 4a. ed |
| Col·lecció: | Colección Criterios de Acción, 1
|
| Matèries: | |
| Etiquetes: |
Afegir etiqueta
Sense etiquetes, Sigues el primer a etiquetar aquest registre!
|
MARC
| LEADER | 00000nam a2200000 a 4500 | ||
|---|---|---|---|
| 001 | UCY0515 | ||
| 003 | CL-VaPUC | ||
| 008 | 940803e19930000CL |||||||||||||||||spa|d | ||
| 082 | 0 | 4 | |a 261.83 |b HER |2 21 |
| 100 | |a Herrera Ferrada, Roberto |e author |9 539542 | ||
| 245 | 1 | 0 | |a Introducción a la doctrina social de la iglesia |
| 246 | 1 | 0 | |a Doctrina social de la Iglesia |
| 250 | |a 4a. ed | ||
| 300 | |a 177 p | ||
| 942 | |c BK | ||
| 945 | |d 19940803 00:00:00 |a aalvarez | ||
| 260 | |a Santiago |b San Pablo |c 1993 | ||
| 650 | 0 | |a Iglesia católica y problemas sociales |9 255796 | |
| 583 | |a last modification |c 19940803 00:00:00 |k Rodrigo Vera | ||
| 490 | 0 | |a Colección Criterios de Acción, 1 | |
| 999 | |c 229503 |d 229501 | ||
| 952 | |0 0 |1 0 |4 0 |6 261_830000000000000_HER_1993 |7 0 |8 A |9 230724 |a BIBEDU |b BIBEDU |d 2019-11-15 |i 3002489 |o 261.83 HER 1993 |p 3002489 |r 2019-11-15 |w 2019-11-15 |y BK |k EDU | ||